[Event "TUR-chT 1st League"]
[Site "Konya"]
[Date "2018.07.18"]
[Round "4.3"]
[White "Saim, Sida"]
[Black "Akti, Ezgi"]
[Result "0-1"]
[WhiteElo "1691"]
[BlackElo "1641"]
[PlyCount "116"]
[EventDate "2018.07.16"]
[EventType "team-swiss"]
[EventRounds "9"]
[EventCountry "TUR"]
[SourceTitle "EXT 2019"]
[Source "ChessBase"]
[SourceDate "2018.10.10"]
[SourceVersion "1"]
[SourceVersionDate "2018.10.10"]
[SourceQuality "1"]
[WhiteTeam "Berk Tugra Caliskan"]
[BlackTeam "Salihli Sardes"]
[WhiteTeamCountry "TUR"]
[BlackTeamCountry "TUR"]

1. d4 d5 2. c4 c6 3. Nc3 Nf6 4. Nf3 e6 5. Bg5 Be7 6. e3 Nbd7 7. Bd3 0-0 8. Qc2 dxc4 9. Bxc4 Nd5 10. Bxe7 Qxe7 11. a3 Nxc3 12. bxc3 e5 13. Qe4 Re8 14. 0-0 exd4 15. Qxe7 Rxe7 16. exd4 Nb6 17. Rfe1 Rxe1+ 18. Rxe1 Bf5 19. Bb3 Kf8 20. Re5 g6 21. Ng5 Nd7 22. Re1 Nf6 23. Nxf7 Ne4 24. Rc1 Re8 25. Ne5 c5 26. g4 Bc8 27. Bf7 Rxe5 28. dxe5 Kxf7 29. Rc2 Bxg4 30. Kg2 Ng5 31. f4 Ne6 32. Kg3 Bf5 33. Rd2 Nc7 34. a4 c4 35. Rd4 Be6 36. Kf3 b5 37. axb5 Nxb5 38. Rd1 Nxc3 39. Ra1 Nb5 40. Ra5 Bd5+ 41. Ke3 Bc6 42. Ra6 Bb7 43. Ra4 c3 44. Kd3 Ke6 45. Ra5 a6 46. Ra4 Kd5 47. Ra5 Bc8 48. Kc2 Kc5 49. Kb3 Be6+ 50. Kc2 Kb6 51. Ra1 a5 52. Ra4 Bf5+ 53. Kb3 c2 54. Ra1 Nd4+ 55. Kb2 Ne2 56. e6 c1Q+ 57. Rxc1 Nxc1 58. e7 Bd7 0-1

[Event "EU-ch U14 Girls 27th"]
[Site "Mamaia"]
[Date "2017.09.14"]
[Round "9"]
[White "Dejanovic, Tereza"]
[Black "Saim, Sida"]
[Result "1-0"]
[WhiteElo "1808"]
[BlackElo "1686"]
[PlyCount "93"]
[EventDate "2017.09.05"]
[EventType "swiss"]
[EventRounds "9"]
[EventCountry "ROU"]
[SourceTitle "EXT 2018"]
[Source "ChessBase"]
[SourceDate "2017.10.13"]
[SourceVersion "1"]
[SourceVersionDate "2017.10.13"]
[SourceQuality "1"]

1. e4 c6 2. d4 d5 3. exd5 cxd5 4. c3 Nf6 5. Bd3 Nc6 6. h3 g6 7. Nf3 Bg7 8. Bf4 0-0 9. 0-0 Re8 10. Re1 a6 11. Nbd2 Nd7 12. Qb3 Nf6 13. Ne5 Nh5 14. Bh2 Nxe5 15. Bxe5 Bh6 16. Nf3 f6 17. Bh2 Nf4 18. Bb1 Kg7 19. a4 Qd7 20. Bxf4 Bxf4 21. Ba2 e6 22. Re2 b5 23. axb5 axb5 24. Rae1 Ba6 25. Qd1 b4 26. Rc2 Bb5 27. Bb3 bxc3 28. Rxc3 Bc7 29. Rc1 Bf4 30. Rc3 Reb8 31. g3 Bd6 32. Rce3 Bb4 33. Nd2 Re8 34. Kh2 Qa7 35. Nf3 Bxe1 36. Rxe1 Qa6 37. Qd2 Bc4 38. Rc1 Bxb3 39. Rc7+ Re7 40. Rxe7+ Kf8 41. Qb4 Kg8 42. Qxb3 Qf1 43. Qe3 e5 44. dxe5 Ra1 45. g4 g5 46. exf6 Qh1+ 47. Kg3 1-0

[Event "EU-ch U14 Girls 27th"]
[Site "Mamaia"]
[Date "2017.09.09"]
[Round "5"]
[White "Peycheva, Gergana"]
[Black "Saim, Sida"]
[Result "1-0"]
[WhiteElo "2252"]
[BlackElo "1686"]
[PlyCount "97"]
[EventDate "2017.09.05"]
[EventType "swiss"]
[EventRounds "9"]
[EventCountry "ROU"]
[SourceTitle "EXT 2018"]
[Source "ChessBase"]
[SourceDate "2017.10.13"]
[SourceVersion "1"]
[SourceVersionDate "2017.10.13"]
[SourceQuality "1"]

1. d4 d5 2. c4 e6 3. Nc3 Nf6 4. cxd5 exd5 5. Bg5 Be7 6. e3 0-0 7. Bd3 c6 8. Qc2 h6 9. Bh4 Be6 10. Nf3 Nbd7 11. 0-0 a6 12. Rfe1 Rc8 13. e4 dxe4 14. Nxe4 Nxe4 15. Bxe7 Qxe7 16. Bxe4 Nf6 17. Bd3 Nd5 18. Bc4 Qd6 19. Rad1 b5 20. Bb3 a5 21. a4 b4 22. Ne5 Nb6 23. Bxe6 Qxe6 24. b3 Qd6 25. Re4 c5 26. Qe2 Rfd8 27. Qf3 f6 28. Ng6 Rc7 29. Nf4 Re7 30. Rxe7 Qxe7 31. d5 Re8 32. g3 Qe4 33. Qh5 Qe5 34. Qg6 Re7 35. d6 Rd7 36. Nh5 Qe6 37. Rd3 Qf7 38. Qf5 g6 39. Qxc5 gxh5 40. Qxb6 Qe6 41. Qd4 Kg7 42. h4 Kg6 43. Kh2 Qg4 44. Qd5 Kg7 45. Qxa5 Kg6 46. Qd5 Kg7 47. Re3 Qg6 48. Re7+ Rxe7 49. dxe7 1-0

[Event "EU-ch U14 Girls 27th"]
[Site "Mamaia"]
[Date "2017.09.06"]
[Round "2"]
[White "Saim, Sida"]
[Black "Marin, Alexia Iuliana"]
[Result "1-0"]
[WhiteElo "1686"]
[BlackElo "1294"]
[PlyCount "63"]
[EventDate "2017.09.05"]
[EventType "swiss"]
[EventRounds "9"]
[EventCountry "ROU"]
[SourceTitle "CBM 180 Extra"]
[Source "ChessBase"]
[SourceDate "2017.10.06"]
[SourceVersion "1"]
[SourceVersionDate "2017.10.06"]
[SourceQuality "1"]

1. d4 Nf6 2. Nf3 e6 3. c4 d5 4. e3 c5 5. cxd5 exd5 6. dxc5 Bxc5 7. Bb5+ Nc6 8. 0-0 0-0 9. Qc2 Qd6 10. a3 a6 11. Be2 Re8 12. b4 Ba7 13. Bb2 b5 14. Rd1 Bb7 15. Ng5 g6 16. Qc3 Ne5 17. Nf3 Ned7 18. Qd3 Rad8 19. h3 Nb6 20. Qd4 Nbd7 21. Qxa7 Ra8 22. Qd4 Re4 23. Qd2 Nb6 24. Nc3 Ree8 25. Qd4 Nbd7 26. e4 Qe6 27. exd5 Qd6 28. g4 h6 29. Re1 Rad8 30. Bf1 Qf8 31. Ne4 Nxe4 32. Qh8# 1-0

[Event "World School-ch U13 Girls"]
[Site "Sochi"]
[Date "2016.12.11"]
[Round "9"]
[White "Saim, Sida"]
[Black "Khamroeva, Dilbar"]
[Result "0-1"]
[WhiteElo "1729"]
[BlackElo "1627"]
[PlyCount "96"]
[EventDate "2016.12.03"]
[EventType "swiss"]
[EventRounds "9"]
[EventCountry "RUS"]
[SourceTitle "EXT 2018"]
[Source "ChessBase"]
[SourceDate "2017.10.13"]
[SourceVersion "1"]
[SourceVersionDate "2017.10.13"]
[SourceQuality "1"]

1. d4 Nf6 2. c4 g6 3. Nc3 Bg7 4. e4 d6 5. Be2 0-0 6. Nf3 e5 7. d5 Nbd7 8. Bg5 h6 9. Bh4 a6 10. 0-0 Qe8 11. b3 Nh7 12. Nd2 f5 13. f3 g5 14. Bf2 Qg6 15. b4 h5 16. c5 Ndf6 17. cxd6 cxd6 18. Nc4 fxe4 19. Nxd6 exf3 20. Bd3 Qh6 21. gxf3 g4 22. Re1 gxf3 23. Be3 Ng5 24. Nce4 Nh3+ 25. Kh1 Nxe4 26. Nxe4 Qg6 27. Ng3 Qg4 28. Bc5 h4 29. Bxf8 Nf2+ 30. Kg1 hxg3 31. Re4 Qh3 32. Qxf3 Qxh2+ 33. Kf1 Bh3+ 34. Ke1 Rxf8 35. Qe3 Nxd3+ 36. Qxd3 Qg1+ 37. Kd2 Rf2+ 38. Kc3 Qxa1+ 39. Kc4 Qxa2+ 40. Kc5 Rd2 41. Qe3 Qxd5+ 42. Kb6 Qb5+ 43. Ka7 Rd7 44. Qb3+ Rf7 45. Rc4 b6+ 46. Rc7 Qe8 47. Kxa6 Be6 48. Rxf7 Bxb3 0-1

[Event "World School-ch U13 Girls"]
[Site "Sochi"]
[Date "2016.12.09"]
[Round "7"]
[White "Saim, Sida"]
[Black "Vorobyova, Ekaterina"]
[Result "1-0"]
[WhiteElo "1729"]
[BlackElo "1617"]
[PlyCount "85"]
[EventDate "2016.12.03"]
[EventType "swiss"]
[EventRounds "9"]
[EventCountry "RUS"]
[SourceTitle "EXT 2018"]
[Source "ChessBase"]
[SourceDate "2017.10.13"]
[SourceVersion "1"]
[SourceVersionDate "2017.10.13"]
[SourceQuality "1"]

1. d4 d5 2. Nf3 Nf6 3. c4 e6 4. Nc3 Be7 5. Bg5 0-0 6. e3 b6 7. Qc2 Bb7 8. b3 Ne4 9. Nxe4 dxe4 10. Bxe7 Qxe7 11. Nd2 f5 12. a3 Nd7 13. Be2 Qg5 14. g3 e5 15. d5 c6 16. dxc6 Bxc6 17. 0-0-0 Nc5 18. h4 Qe7 19. Rh2 Rad8 20. Nb1 Rxd1+ 21. Qxd1 Rd8 22. Qc2 Nd3+ 23. Bxd3 exd3 24. Qd2 Bf3 25. Qb4 Qb7 26. Qc3 Qc7 27. Nd2 Be2 28. Kb2 a5 29. Rh1 Re8 30. Rc1 f4 31. c5 fxe3 32. Qc4+ Kh8 33. fxe3 e4 34. cxb6 Qxb6 35. Qxe4 Qb8 36. Qf5 Rf8 37. Qxa5 Qxg3 38. Qf5 Qb8 39. Qc5 h6 40. Qc7 Qe8 41. Qc5 Kh7 42. a4 Rf4 43. exf4 1-0

[Event "World School-ch U13 Girls"]
[Site "Sochi"]
[Date "2016.12.04"]
[Round "2"]
[White "Tharushi, THD Niklesha"]
[Black "Saim, Sida"]
[Result "1-0"]
[WhiteElo "1801"]
[BlackElo "1729"]
[PlyCount "77"]
[EventDate "2016.12.03"]
[EventType "swiss"]
[EventRounds "9"]
[EventCountry "RUS"]
[SourceTitle "EXT 2018"]
[Source "ChessBase"]
[SourceDate "2017.10.13"]
[SourceVersion "1"]
[SourceVersionDate "2017.10.13"]
[SourceQuality "1"]

1. d4 d5 2. c4 e6 3. Nc3 Nf6 4. cxd5 exd5 5. Bg5 Be7 6. e3 0-0 7. Bd3 Nbd7 8. Qc2 c6 9. Nge2 Re8 10. Bf4 Nf8 11. h3 Bd6 12. 0-0-0 Ng6 13. Bxd6 Qxd6 14. g4 Be6 15. Ng3 Rac8 16. g5 Nd7 17. h4 Bg4 18. Rd2 Bf3 19. Rg1 c5 20. h5 Ngf8 21. g6 fxg6 22. hxg6 hxg6 23. Be2 cxd4 24. Rxd4 Ne5 25. Qb3 Ne6 26. Rd2 Nc5 27. Qc2 Bxe2 28. Ngxe2 Qa6 29. Rxd5 Ncd3+ 30. Kb1 Nb4 31. Qb3 Nxd5 32. Qxd5+ Kf8 33. Nf4 Qb6 34. Ne4 Rcd8 35. Nxg6+ Nxg6 36. Qf5+ Kg8 37. Rxg6 Qb4 38. Nf6+ Kf7 39. Nd5+ 1-0

[Event "TUR-chT"]
[Site "Izmir"]
[Date "2016.07.28"]
[Round "4.8"]
[White "Saim, Sida"]
[Black "Ayan, Bengu Sena"]
[Result "0-1"]
[WhiteElo "1643"]
[BlackElo "1835"]
[PlyCount "102"]
[EventDate "2016.07.25"]
[EventType "team-swiss"]
[EventRounds "13"]
[EventCountry "TUR"]
[SourceTitle "CBM 173 Extra"]
[Source "ChessBase"]
[SourceDate "2016.08.29"]
[SourceVersion "1"]
[SourceVersionDate "2016.08.29"]
[SourceQuality "1"]
[WhiteTeam "Akdeniz Vida Metal"]
[BlackTeam "Maras Spor Dernegi"]
[WhiteTeamCountry "TUR"]
[BlackTeamCountry "TUR"]

1. d4 d5 2. c4 c6 3. Nf3 Nf6 4. Nc3 e6 5. e3 Nbd7 6. Qc2 Bd6 7. b3 0-0 8. Be2 b6 9. 0-0 Bb7 10. Bb2 Rc8 11. Rfe1 Re8 12. Rad1 e5 13. cxd5 cxd5 14. a3 Ne4 15. Ra1 Nxc3 16. Bxc3 Qc7 17. Qf5 e4 18. Nd2 Re6 19. Bb5 Bxh2+ 20. Kh1 a6 21. Bxd7 Qxd7 22. Rac1 Bd6 23. Kg1 Bxa3 24. Ra1 Qe7 25. Nb1 Bb4 26. Bxb4 Qxb4 27. Rf1 Qxb3 28. g3 b5 29. Kg2 h6 30. Qg4 b4 31. Nd2 Qc2 32. Qd1 Rb6 33. Rc1 Qxd1 34. Rfxd1 a5 35. Nb3 a4 36. Nc5 a3 37. Rb1 Ra8 38. Rb3 Ba6 39. Nxa6 Raxa6 40. Ra1 a2 41. Kf1 Ra4 42. Ke1 h5 43. Ke2 g5 44. Kf1 Kg7 45. Kg2 f5 46. Kh3 Kg6 47. Kh2 h4 48. Kg2 Kh5 49. Kh3 g4+ 50. Kg2 h3+ 51. Kf1 Ra3 0-1